[Event "3rd Mayor's Cup"]
[Site "Mumbai IND"]
[Date "2010.06.09"]
[Round "10"]
[White "Maletin,P"]
[Black "Pogorelov,R"]
[Result "1-0"]
[WhiteElo "2584"]
[BlackElo "2454"]
[EventDate "2010.06.02"]

1. d4 Nf6 2. c4 e6 3. g3 Bb4+ 4. Bd2 Be7 5. Bg2 d5 6. Nf3 c6 7. O-O O-O 8.
Bf4 Nbd7 9. Qc2 b6 10. Rd1 Bb7 11. Nc3 Rc8 12. Ne5 Nh5 13. Bc1 Nhf6 14. e4
dxc4 15. Nxc4 b5 16. Ne3 Qb6 17. b3 Rfe8 18. Bb2 e5 19. dxe5 Nxe5 20. Na4
bxa4 21. Bxe5 Qc5 22. Bc3 Bf8 23. Rd4 a3 24. Rad1 Ba6 25. Nc4 Qh5 26. Nd6
Bxd6 27. Rxd6 Ng4 28. h3 Ne5 29. f4 Ng6 30. Qf2 Rc7 31. f5 Nf8 32. Ba5 Rce7
33. g4 Qg5 34. Bd2 1-0

[Event "3rd Mayor's Cup"]
[Site "Mumbai IND"]
[Date "2010.06.09"]
[Round "10"]
[White "Luther,T"]
[Black "Varga,Zo"]
[Result "1-0"]
[WhiteElo "2541"]
[BlackElo "2479"]
[EventDate "2010.06.02"]

1. e4 d5 2. exd5 Qxd5 3. Nc3 Qa5 4. d4 Nf6 5. Nf3 Bg4 6. h3 Bh5 7. g4 Bg6
8. Ne5 e6 9. Bg2 c6 10. Qe2 Nbd7 11. Bd2 Nxe5 12. dxe5 Nd7 13. Nd5 Qd8 14.
Ne3 Qc7 15. Nc4 Nb6 16. O-O-O Nd5 17. f4 O-O-O 18. Rhf1 h5 19. f5 Bh7 20.
Ba5 b6 21. Bd2 Kb7 22. Kb1 hxg4 23. hxg4 exf5 24. gxf5 f6 25. e6 Bc5 26.
Be4 a5 27. Qf3 Bg8 28. Bc1 g5 29. Bxd5 cxd5 30. Rxd5 Rxd5 31. Rd1 Qc6 32.
Rxd5 Rh7 33. Qd3 Rc7 34. Nd6+ Bxd6 35. Rxd6 Qc4 36. Qxc4 Rxc4 37. Rd8 Rc8
38. e7 Bf7 39. a4 Be8 40. b3 Kc7 41. Be3 1-0

[Event "3rd Mayor's Cup"]
[Site "Mumbai IND"]
[Date "2010.06.09"]
[Round "10"]
[White "Vorobiov,E"]
[Black "Ashwin,J"]
[Result "1/2-1/2"]
[WhiteElo "2612"]
[BlackElo "2457"]
[EventDate "2010.06.02"]

1. c4 Nf6 2. Nc3 g6 3. e4 d6 4. d4 Bg7 5. Nge2 O-O 6. Ng3 h5 7. Bg5 Nh7 8.
Be3 e5 9. d5 h4 10. Nge2 f5 11. f3 h3 12. Qd2 hxg2 13. Bxg2 fxe4 14. Nxe4
Qh4+ 15. Bf2 Qh6 16. h4 Qxd2+ 17. Kxd2 Bh6+ 18. Be3 Bxe3+ 19. Kxe3 Nd7 20.
Rag1 Ndf6 21. Bh3 Nxe4 22. fxe4 Kf7 23. h5 gxh5 24. Ng3 Nf6 25. Nxh5 Rh8
26. Bxc8 Nxh5 27. Bxb7 Rab8 28. Bc6 Nf6 29. b3 Rbg8 30. Rxg8 Rxg8 31. Rf1
Rg4 32. Bd7 Rxe4+ 33. Kd3 Rd4+ 34. Kc3 a5 35. Bf5 Kg7 36. Rg1+ Kf8 37. Rf1
Kg7 38. Rg1+ Kf8 39. Rf1 1/2-1/2

[Event "3rd Mayor's Cup"]
[Site "Mumbai IND"]
[Date "2010.06.09"]
[Round "10"]
[White "Bocharov,D"]
[Black "Neelotpal,D"]
[Result "1-0"]
[WhiteElo "2592"]
[BlackElo "2453"]
[EventDate "2010.06.02"]

1. d4 d5 2. c4 c6 3. Nf3 Nf6 4. e3 Bg4 5. h3 Bxf3 6. Qxf3 e6 7. Bd3 Bb4+ 8.
Nd2 Nbd7 9. O-O O-O 10. a3 Ba5 11. Qe2 e5 12. cxd5 cxd5 13. b4 Bc7 14. Bb2
e4 15. Bc2 Re8 16. Rfc1 Nf8 17. Bb3 Ng6 18. Rc2 Qd7 19. Rac1 Bd6 20. Nb1
Qf5 21. Nc3 a6 22. Na4 Nh4 23. Nb6 Rad8 24. Kh1 h5 25. Rc5 Bxc5 26. dxc5
Ng6 27. Bd4 Ne5 28. Rd1 g5 29. Bc3 g4 30. h4 Nd3 31. Kg1 Nd7 32. Nxd7 Qxd7
33. Bc2 Qb5 34. Bxd3 exd3 35. Rxd3 Re6 36. Qd2 Qc6 37. e4 Rde8 38. exd5
Re1+ 39. Kh2 Qg6 40. d6 R1e4 41. d7 Rd8 42. b5 g3+ 43. fxg3 Qg4 44. Ba5 Re2
45. Qg5+ 1-0

[Event "3rd Mayor's Cup"]
[Site "Mumbai IND"]
[Date "2010.06.09"]
[Round "10"]
[White "Harutjunyan,G"]
[Black "Lafuente,P"]
[Result "1-0"]
[WhiteElo "2460"]
[BlackElo "2587"]
[EventDate "2010.06.02"]

1. Nf3 Nf6 2. g3 d5 3. Bg2 e6 4. O-O Be7 5. b3 O-O 6. Bb2 c5 7. c4 b6 8.
cxd5 Nxd5 9. d4 Bb7 10. e4 Nf6 11. e5 Nd5 12. dxc5 Bxc5 13. a3 b5 14. Nbd2
Be7 15. Nd4 Qb6 16. Ne4 Nd7 17. Qh5 Nc5 18. Nxc5 Bxc5 19. Nf3 b4 20. Ng5 h6
21. Ne4 bxa3 22. Bc1 Bd4 23. Rxa3 Qc7 24. Ra4 Qxe5 25. Qh4 Bb6 26. Nd2 Bd8
27. Qh3 Bc6 28. Rg4 Qf5 29. Bb2 Bf6 30. Be4 Qxg4 31. Qxg4 Bxb2 32. Bg2 Rab8
33. Nc4 Bf6 34. Na5 Ba8 35. Rc1 Rb4 36. Qe2 Rfb8 37. Qa6 Kh7 38. Qxa7 Nc3
39. Bxa8 Ne2+ 40. Kg2 Bd4 41. Qxf7 Rxa8 42. Qf3 Nxc1 43. Qe4+ g6 44. Qxa8
Bg7 45. Nc6 Rb6 46. Ne7 h5 47. Qd8 1-0

[Event "3rd Mayor's Cup"]
[Site "Mumbai IND"]
[Date "2010.06.09"]
[Round "10"]
[White "Greenfeld,A"]
[Black "Narayanan,Sr"]
[Result "1/2-1/2"]
[WhiteElo "2561"]
[BlackElo "2393"]
[EventDate "2010.06.02"]

1. Nf3 c5 2. c4 Nc6 3. d4 cxd4 4. Nxd4 Nf6 5. Nc3 e6 6. g3 Qb6 7. Nb3 Ne5
8. e4 Bb4 9. Qe2 d6 10. f4 Nc6 11. Be3 Bxc3+ 12. bxc3 Qc7 13. Bg2 O-O 14.
Rd1 b6 15. e5 dxe5 16. fxe5 Nd7 17. Nd4 Nxd4 18. cxd4 Bb7 19. Bxb7 Qxb7 20.
O-O f6 21. exf6 Nxf6 22. Bf4 Rae8 23. Rde1 Qc6 24. Bg5 Nd7 25. Rxf8+ Nxf8
26. d5 Qc5+ 27. Be3 Qd6 28. Bc1 Qc5+ 29. Be3 Qd6 30. Bc1 Qc5+ 31. Kg2 b5
32. cxb5 Qxd5+ 33. Kg1 Rb8 34. a4 Qd4+ 35. Qf2 Qxa4 36. Rf1 Ng6 37. Qf7+
Kh8 38. Bb2 Rg8 39. Qxe6 Qxb5 1/2-1/2

[Event "3rd Mayor's Cup"]
[Site "Mumbai IND"]
[Date "2010.06.09"]
[Round "10"]
[White "Temirbayev,S"]
[Black "Hera,I"]
[Result "0-1"]
[WhiteElo "2455"]
[BlackElo "2558"]
[EventDate "2010.06.02"]

1. d4 Nf6 2. c4 e6 3. Nf3 d5 4. g3 dxc4 5. Qa4+ Nbd7 6. Bg2 a6 7. Qxc4 b5
8. Qc6 Rb8 9. O-O Bb7 10. Qc2 c5 11. dxc5 Bxc5 12. Nbd2 Rc8 13. Qd1 O-O 14.
Nb3 Bb6 15. a4 Be4 16. Ne1 Qc7 17. axb5 axb5 18. Nd3 Qb7 19. Bxe4 Nxe4 20.
Bd2 h5 21. Ba5 Ba7 22. Nd2 Ndf6 23. Nf3 Ng4 24. e3 h4 25. Nxh4 Nexf2 26.
Nxf2 Nxe3 27. Qf3 Qxf3 28. Nxf3 Nxf1 29. Kxf1 Bxf2 30. Kxf2 Rc2+ 31. Ke3
Rxb2 32. Rd1 b4 33. Rd4 Rb8 34. Bc7 Rc8 35. Ng5 b3 36. Rd7 Rc2 37. Be5 f6
38. Nxe6 fxe5 39. Rxg7+ Kh8 40. Rb7 b2 41. Ke4 Rf2 42. Ke3 Rxh2 43. Ng5 Rc1
0-1

[Event "3rd Mayor's Cup"]
[Site "Mumbai IND"]
[Date "2010.06.09"]
[Round "10"]
[White "Venkatesh,M"]
[Black "Kravtsiv,M"]
[Result "1/2-1/2"]
[WhiteElo "2452"]
[BlackElo "2546"]
[EventDate "2010.06.02"]

1. e4 e5 2. d4 exd4 3. Qxd4 Nc6 4. Qe3 Nf6 5. Nc3 g6 6. Bd2 Bg7 7. O-O-O
O-O 8. h4 d5 9. exd5 Nxd5 10. Qg3 Be6 11. Bg5 Qd7 12. Nxd5 Bxd5 13. c4 Nd4
14. cxd5 Qa4 15. Rxd4 Qxd4 16. Qb3 Qxf2 17. Nf3 Rfe8 18. Qc2 Qxc2+ 19. Kxc2
h6 20. Bd2 Rad8 21. Bc4 Re4 22. b3 a6 23. a4 Rg4 24. Ne1 b5 25. axb5 axb5
26. Be2 Re4 27. Bf3 Re7 28. Nd3 Kh7 29. Nb4 Ree8 30. Bf4 Rd7 31. Na6 Ra8
32. Nxc7 Ra2+ 33. Kd3 Rb2 34. Nxb5 Rb7 35. Nd4 Bxd4 36. Kxd4 Rb4+ 37. Ke5
f6+ 38. Ke6 Rxf4 39. d6 Rxb3 40. Rd1 Rxh4 41. d7 Rb8 42. d8=Q Rxd8 43. Rxd8
h5 44. Kf7 Ra4 45. Kxf6 Rf4+ 46. Kg5 Rf5+ 47. Kh4 Rf4+ 48. Kg3 Rf6 49. Rc8
Rf5 50. Rc6 Kh6 51. Be4 Rg5+ 52. Kf4 Rg4+ 53. Ke5 Kg7 54. Ra6 Rg5+ 55. Ke6
Rg4 56. Bf3 Rf4 57. Ke5 Rf5+ 58. Ke4 Kh6 59. Ke3 Rg5 60. Be4 Rg4 61. Bf3
Rg5 62. Kf4 Rf5+ 63. Kg3 Rg5+ 64. Kh4 Re5 65. Rd6 Ra5 66. Rd5 Ra4+ 67. Kg3
Rb4 68. Re5 Kg7 69. Re6 Rb5 70. Kh4 Kh6 71. Be4 Rg5 72. g3 Rg4+ 73. Kh3 Rg5
74. Bf3 Ra5 75. Be4 Rg5 76. Rd6 Rg4 77. Bd3 Rg5 78. Rd4 Ra5 79. Kg2 Re5 80.
Kf3 Re6 81. Rd5 Rf6+ 82. Ke3 Re6+ 83. Be4 Rb6 84. Rc5 Rf6 85. Rc6 Rxc6 86.
Bxc6 g5 87. Be8 g4 88. Bxh5 Kxh5 89. Kf4 Kh6 90. Kxg4 Kg6 91. Kf4 Kf6 92.
g4 Kg6 93. g5 Kg7 94. Kf5 Kf7 95. g6+ Kg7 96. Kg5 Kg8 1/2-1/2

[Event "3rd Mayor's Cup"]
[Site "Mumbai IND"]
[Date "2010.06.09"]
[Round "10"]
[White "Khusnutdinov,R"]
[Black "Sangma,R"]
[Result "1-0"]
[WhiteElo "2525"]
[BlackElo "2358"]
[EventDate "2010.06.02"]

1. e4 e6 2. d4 d5 3. Nd2 Nf6 4. e5 Nfd7 5. Bd3 c5 6. c3 Nc6 7. Ne2 cxd4 8.
cxd4 f6 9. exf6 Qxf6 10. Nf3 Bb4+ 11. Bd2 e5 12. dxe5 Ndxe5 13. Nxe5 Qxe5
14. Bxb4 Nxb4 15. Bb5+ Nc6 16. Qd4 Qxd4 17. Nxd4 Bd7 18. Bxc6 bxc6 19. Rc1
O-O 20. f3 Rab8 21. b3 a5 22. Kd2 a4 23. Rc5 axb3 24. axb3 Ra8 25. Rhc1
Rfb8 26. Kc3 Ra3 27. Rb1 Rb6 28. Nc2 Ra2 29. Rb2 Ra8 30. Kd4 Kf7 31. Ke5
Ke7 32. g4 h5 33. g5 Re8 34. Ra5 Rb7 35. Nd4 Rb4 36. Rd2 Rb6 37. Ra7 g6 38.
Rc2 Rc8 39. Rc5 h4 40. b4 Re8 41. f4 Rxb4 42. f5 gxf5 43. g6 f4 44. Rxc6
Kf8+ 45. Kf6 Bxc6 46. Rf7+ Kg8 47. Nf5 1-0

[Event "3rd Mayor's Cup"]
[Site "Mumbai IND"]
[Date "2010.06.09"]
[Round "10"]
[White "Konguvel,P"]
[Black "Ismagambetov,An"]
[Result "1/2-1/2"]
[WhiteElo "2412"]
[BlackElo "2524"]
[EventDate "2010.06.02"]

1. e4 e5 2. Nf3 Nc6 3. Bb5 Nf6 4. O-O Nxe4 5. d4 Nd6 6. Bxc6 dxc6 7. dxe5
Nf5 8. Qxd8+ Kxd8 9. Nc3 a5 10. h3 a4 11. a3 h6 12. Rd1+ Ke8 13. Bf4 Be6
14. Ne4 Ra5 15. g4 Ne7 16. Bd2 Rd5 17. Nc3 Ra5 18. Ne2 Ra8 19. Nfd4 Bc4 20.
Nf4 Nd5 21. e6 Bd6 22. Nxd5 Bxd5 23. Nf5 fxe6 24. Nxg7+ Kf7 25. Nh5 b5 26.
Bf4 Rab8 27. c3 Rbd8 28. Bxd6 cxd6 29. f4 Rhg8 30. Kf2 c5 31. Rd2 Bc4 32.
Re1 d5 33. Ng3 Rge8 34. Re5 b4 35. axb4 cxb4 36. cxb4 Rb8 37. f5 Rxb4 38.
fxe6+ Rxe6 39. Rxe6 Kxe6 40. Nf5 Ke5 41. Nxh6 Rb3 42. h4 Rh3 1/2-1/2

[Event "3rd Mayor's Cup"]
[Site "Mumbai IND"]
[Date "2010.06.09"]
[Round "10"]
[White "Shyam,N"]
[Black "Ovetchkin,R"]
[Result "1/2-1/2"]
[WhiteElo "2385"]
[BlackElo "2519"]
[EventDate "2010.06.02"]

1. e4 c6 2. d4 d5 3. Nc3 dxe4 4. Nxe4 Bf5 5. Ng3 Bg6 6. h4 h6 7. Nf3 Nd7 8.
h5 Bh7 9. Bd3 Bxd3 10. Qxd3 e6 11. Bd2 Ngf6 12. O-O-O Be7 13. Qe2 c5 14.
Rhe1 O-O 15. Nf5 cxd4 16. N3xd4 Bc5 17. Nxh6+ gxh6 18. Bxh6 Re8 19. Nb5 Bf8
20. Bxf8 Rxf8 21. Rd3 Qa5 22. Rg3+ Kh8 23. Nd6 Qxa2 24. Qe3 Qa1+ 25. Kd2
Qa5+ 26. b4 Qxb4+ 27. Kc1 Nh7 28. Rd1 Qc5 29. Qxc5 Nxc5 30. h6 Rad8 31.
Nxf7+ Rxf7 32. Rxd8+ Nf8 33. Ra8 a6 34. Rc3 b6 35. Rf3 Rxf3 36. gxf3 Ncd7
37. Rxa6 Kh7 38. Ra8 Kxh6 39. Rd8 Kg5 40. Kd2 Kf4 41. Ke2 Ke5 42. Ke3 Kd6
43. Ra8 Ng6 44. Ra1 Nf6 45. Rg1 Ne7 46. Rg5 Nfd5+ 47. Ke4 Nc6 48. f4 Nce7
49. Rg1 Nf6+ 50. Kd4 Nfd5 51. Ke4 Nc3+ 52. Kd3 Ned5 53. Rg5 Na4 54. f5 Nc5+
55. Kc4 Ne4 56. Rg6 Nf4 57. Rxe6+ Nxe6 58. fxe6 Nxf2 59. Kb5 Kc7 60. e7 Ne4
61. e8=N+ Kb7 1/2-1/2

[Event "3rd Mayor's Cup"]
[Site "Mumbai IND"]
[Date "2010.06.09"]
[Round "10"]
[White "Deepan,C"]
[Black "Stany,G"]
[Result "1/2-1/2"]
[WhiteElo "2488"]
[BlackElo "2330"]
[EventDate "2010.06.02"]

1. e4 c5 2. Nf3 Nc6 3. d4 cxd4 4. Nxd4 Nf6 5. Nc3 e5 6. Ndb5 d6 7. Bg5 a6
8. Na3 b5 9. Bxf6 gxf6 10. Nd5 f5 11. Bd3 Be6 12. c3 Bg7 13. Nxb5 axb5 14.
Bxb5 Bd7 15. exf5 Rb8 16. a4 O-O 17. O-O Re8 18. Qg4 Kh8 19. Qe4 f6 20. b4
Ne7 21. Bxd7 Qxd7 22. Nxe7 Rxe7 23. Rfd1 Qc8 24. Rxd6 Rc7 25. Rad1 Rxc3 26.
g3 Rc1 27. Rxc1 Qxc1+ 28. Kg2 Qa3 29. a5 h6 30. Rb6 Rd8 31. a6 Qa2 32. b5
Rd2 33. Rb8+ Kh7 34. Qe3 Re2 35. Qa7 Qd5+ 36. Kh3 Qh1 37. Rb7 Qf1+ 38. Kh4
Re4+ 39. f4 Rxf4+ 40. gxf4 Qxf4+ 41. Kh3 Qf3+ 1/2-1/2

[Event "3rd Mayor's Cup"]
[Site "Mumbai IND"]
[Date "2010.06.09"]
[Round "10"]
[White "Sundararajan,K"]
[Black "Saravana,Kr"]
[Result "1/2-1/2"]
[WhiteElo "2520"]
[BlackElo "2324"]
[EventDate "2010.06.02"]

1. d4 Nf6 2. Nf3 d5 3. c4 c6 4. e3 Bf5 5. Nc3 e6 6. Nh4 Bg6 7. Be2 Nbd7 8.
O-O Bd6 9. h3 Qc7 10. Bd2 dxc4 11. Nxg6 hxg6 12. Bxc4 Nb6 13. Be2 e5 14.
Qc2 Qe7 15. dxe5 Bxe5 16. e4 O-O-O 17. Be3 Qe6 18. Rfd1 Rxd1+ 19. Rxd1 Rxh3
20. Nb5 Rxe3 21. fxe3 Bb8 22. Qc5 Nfd7 23. Nd6+ Bxd6 24. Qxd6 Qxe4 25. Qf4
Qe6 26. e4 Qf6 27. Qxf6 gxf6 28. Kf2 Kd8 29. Bg4 Ke7 30. Bxd7 Nxd7 31. Ke3
Ke6 32. Kd4 Ne5 33. b4 f5 34. exf5+ Kxf5 35. Re1 f6 36. Rh1 Nf7 37. a4 Ke6
38. a5 g5 39. Kc5 Ne5 40. Rh7 Nd7+ 41. Kd4 Kd6 42. Ke4 Ke6 43. Kd4 Kd6 44.
Rg7 c5+ 45. bxc5+ Nxc5 46. Kc4 Nd7 47. Kb5 a6+ 48. Kb4 Ke6 49. Kc4 Kd6 50.
Kb4 Ke6 51. Rg8 Kd6 52. Rg7 Kc6 53. Re7 Kd6 54. Re1 Ne5 55. Rd1+ Kc6 56.
Rf1 Nd7 57. Rc1+ Kd6 58. Rd1+ Ke6 59. Kc3 b6 60. axb6 Nxb6 61. Kd4 a5 62.
Rb1 Nd5 63. Re1+ Kd6 64. Ra1 Ne7 65. Kc4 Nc6 66. Rd1+ Ke6 67. Kc5 Ne5 68.
Ra1 Nd3+ 69. Kd4 Ne5 70. Kc5 Kf5 71. Rxa5 Kg4 72. Kd5 Ng6 73. Ke6 Nf4+ 74.
Kxf6 Nxg2 75. Rxg5+ Kf3 76. Ra5 Ne3 77. Ra4 Nd5+ 78. Ke5 Ne3 79. Ra3 Kf2
80. Ke4 Ng2 81. Rb3 Nh4 82. Kf4 Ng2+ 83. Ke4 Nh4 84. Ra3 Ng2 85. Rf3+ Ke2
86. Rf8 Ne3 87. Rg8 Kf2 88. Rg7 Ng2 1/2-1/2

[Event "3rd Mayor's Cup"]
[Site "Mumbai IND"]
[Date "2010.06.09"]
[Round "10"]
[White "Vidit,S"]
[Black "Joshi,GB"]
[Result "1/2-1/2"]
[WhiteElo "2504"]
[BlackElo "2293"]
[EventDate "2010.06.02"]

1. d4 Nf6 2. c4 e6 3. g3 d5 4. Bg2 c6 5. Nf3 dxc4 6. Ne5 Bb4+ 7. Bd2 Be7 8.
e3 Nbd7 9. Nxc4 Qc7 10. O-O O-O 11. e4 e5 12. dxe5 Nxe5 13. Bf4 Nfg4 14. h3
g5 15. Nxe5 Nxe5 16. Bd2 g4 17. hxg4 Bxg4 18. Qc2 Qd7 19. f3 Be6 20. Bh6
1/2-1/2

[Event "3rd Mayor's Cup"]
[Site "Mumbai IND"]
[Date "2010.06.09"]
[Round "10"]
[White "Navin,K"]
[Black "Vokarev,S"]
[Result "1/2-1/2"]
[WhiteElo "2295"]
[BlackElo "2501"]
[EventDate "2010.06.02"]

1. d4 Nf6 2. c4 g6 3. Nc3 d5 4. Nf3 Bg7 5. Bg5 Ne4 6. cxd5 Nxg5 7. Nxg5 e6
8. Qd2 exd5 9. Qe3+ Kf8 10. Qf4 Bf6 11. h4 h6 12. Nxd5 Bxg5 13. Qe5 Rh7 14.
hxg5 Nc6 15. Qe4 Bf5 16. Qf3 Nxd4 17. Qa3+ Kg7 18. Ne3 Qxg5 19. Qc3 c5 20.
Qxc5 Qf6 21. Rd1 Nc2+ 22. Nxc2 Rc8 23. Qd4 Rxc2 24. Qxf6+ Kxf6 25. Rd2 Rc1+
26. Rd1 Rc2 27. Rd2 Rc1+ 28. Rd1 Rxd1+ 29. Kxd1 Rh8 30. Rh4 Rd8+ 31. Ke1
Bb1 32. a3 Bc2 33. f3 Rd1+ 34. Kf2 a5 35. Rf4+ Kg7 36. b4 g5 37. Rc4 Ba4
38. Rc7 axb4 39. axb4 b5 40. e4 Rd4 41. e5 Kf8 42. g3 Rxb4 43. Bh3 Bb3 44.
Rc8+ Ke7 45. Rc7+ Kf8 46. Rc8+ Ke7 47. Rc7+ Kf8 48. Rc8+ Kg7 49. Rc7 Rc4
50. Rb7 Rc2+ 51. Kg1 Rc1+ 52. Kf2 Rc2+ 53. Kg1 Rc1+ 54. Kf2 Rc2+ 55. Kg1
Rc1+ 56. Kf2 Rc2+ 57. Kg1 Rc1+ 58. Kf2 1/2-1/2

[Event "3rd Mayor's Cup"]
[Site "Mumbai IND"]
[Date "2010.06.09"]
[Round "10"]
[White "Czebe,A"]
[Black "Joshi,P"]
[Result "0-1"]
[WhiteElo "2480"]
[BlackElo "2291"]
[EventDate "2010.06.02"]

1. e4 c5 2. Nf3 d6 3. d4 cxd4 4. Nxd4 Nf6 5. Nc3 Nc6 6. Bg5 e6 7. Qd2 Qb6
8. Nb3 Be7 9. Bxf6 Bxf6 10. Qxd6 Be7 11. Qg3 O-O 12. O-O-O Rd8 13. Be2 Bd7
14. Kb1 Be8 15. e5 Rxd1+ 16. Rxd1 a5 17. Ne4 a4 18. Nc1 a3 19. b3 Nb4 20.
Bc4 Bc6 21. Nd6 Qc5 22. Qf4 Rf8 23. Qd4 Qxd4 24. Rxd4 Bxg2 25. Nd3 Nc6 26.
Rg4 Nxe5 27. Nxe5 Bxd6 28. f4 Be4 29. Bd3 f5 30. Rg3 Bxe5 31. fxe5 Rd8 32.
Re3 Bxd3 33. cxd3 f4 34. Rf3 g5 35. Kc2 Kg7 36. b4 Kg6 0-1

[Event "3rd Mayor's Cup"]
[Site "Mumbai IND"]
[Date "2010.06.09"]
[Round "10"]
[White "Udeshi,A"]
[Black "Himanshu,Sh"]
[Result "0-1"]
[WhiteElo "2316"]
[BlackElo "2440"]
[EventDate "2010.06.02"]

1. e4 c5 2. Nc3 e6 3. g3 Nc6 4. Bg2 g6 5. d3 Bg7 6. f4 d6 7. Nf3 Nge7 8.
O-O O-O 9. Be3 b6 10. Bf2 Ba6 11. Qd2 Qd7 12. Rae1 e5 13. f5 gxf5 14. Bh3
Qc7 15. Nh4 fxe4 16. Qg5 exd3 17. Re4 Qd8 18. Qh5 Bc8 19. Bxc8 Rxc8 20. Be3
Nd4 21. Rg4 f5 22. Rxg7+ Kxg7 23. Bg5 Qd7 24. Qh6+ Kg8 25. cxd3 Rf7 26. Ne4
fxe4 27. Rxf7 Kxf7 28. Qxh7+ Ke6 29. dxe4 Qe8 30. Kg2 Qf7 31. Qh6+ Kd7 32.
g4 Rg8 33. Bxe7 Qxe7 34. Nf5 Nxf5 35. exf5 Rxg4+ 0-1